000 00411 a2200157 4500
005 20250625151934.0
020 _a0-07-549799-9
082 _a658.3 WER
100 _aWERTHER, . W. B
245 _aHuman Resource Management
250 _a3th Ed.
260 _aNew York,
_bMcGraw-Hill Irwin,
_c1981.
300 _a679p,
_bGlossary & Index
_c24cm.
700 _aDAVIS, K, SCHWIND, H. F & DAS, H.
942 _2ddc
_cBKS
999 _c5118
_d5118